00978nam a2200241 a 450000100100000000500170001000800410002702000150006804000250008308200160010810000260012424500560015024600780020626000380028430000420032250000210036450400740038550400330045970000310049204900090052395201870053299900170071900003504720200930074053.0111024s1973 xxuabc 000 0 eng d a0671836846 aDO-SdBNPbspacBNPHU axxxxbC712o1 aCollins, Larry91055110aO Jerusalem! /cLarry Collins & Dominique Lapierre.14b"a story as dramatic, as miraculous, as full of wonders as any ever told" aNew York :bPoqcket Books,c1973. a745 p. :bil., mapa, retrs. ;c18 cm. aInlcuye índice aIncluye referencias bibliográficas y notas al pie de las páginas. aBibliografía : p. 697-708.12aLapierre, Dominique910553 aBNGR 001050718MOaGRbGRcCTd2011-10-24iLF1l0oxxxx C712op35047-10r2020-06-25w2020-06-25y1zPerteneció a la biblioteca personal de Juan Isidro Jimenes GrullónZNo se presta c34538d34538